| 000 | 00948nam a22001937a 4500 | ||
|---|---|---|---|
| 005 | 20240719104025.0 | ||
| 010 | _aHIN- 127967 | ||
| 020 |
_c350.00 _a9789394755017 |
||
| 035 | _aHN-100313 | ||
| 037 | _bDBAD | ||
| 082 | _aक | ||
| 100 |
_aजायसवाल, संजीव (संजय) _968573 |
||
| 245 |
_aयत्र तत्र सर्वत्र: _bभ्रष्टाचार को अनावृत करती कहानियाँ/ _cद्वारा संजीव जायसवाल (संजय) |
||
| 250 | _a1 | ||
| 260 |
_a नई दिल्ली _bज्ञान विज्ञान एक्जुकेअर _c2022 |
||
| 270 |
_bनई दिल्ली _a3639, प्रथम तल, नेताजी सुभाष मार्ग, दरियागंज नई दिल्ली _e110002 |
||
| 300 |
_a152 p. _c22cm (सजिल्द) |
||
| 942 |
_2ddc _cHN _hक _mजायस |
||
| 999 |
_c204087 _d204087 |
||